Ohio Counties with most Bird Species Observed - Statistics

General Stats
  • This quiz has been taken 8 times
  • The average score is 7 of 15
Answer Stats
Hint Answer % Correct
311 Ashtabula
60%
363 Cuyahoga
60%
315 Delaware
60%
336 Erie
60%
327 Hamilton
60%
356 Lake
60%
344 Lorain
60%
330 Franklin
40%
309 Holmes
40%
364 Lucas
40%
313 Montgomery
40%
345 Ottawa
40%
320 Summit
40%
312 Wayne
40%
316 Hancock
20%
No matching quizzes found
Score Distribution
Percent of People with Each Score
Percentile by Number Answered
Your Score History
You have not taken this quiz